书目信息 |
| 题名: |
土力学复习与习题
|
|
| 作者: | 钱建固 , 袁聚云 , 张陈蓉 编著 | |
| 分册: | ||
| 出版信息: | 北京 人民交通出版社 2016.12 |
|
| 页数: | 252页 | |
| 开本: | 26cm | |
| 丛书名: | ||
| 单 册: | ||
| 中图分类: | TU43 | |
| 科图分类: | ||
| 主题词: | 土力学--高等学校--教学参考资料 | |
| 电子资源: | ||
| ISBN: | 978-7-114-13566-8 | |
| 000 | 01245nam0 2200277 450 | |
| 001 | 0400003236 | |
| 005 | 20171021212023.0 | |
| 010 | @a978-7-114-13566-8@dCNY35.00 | |
| 100 | @a20170524e2016 em y0chiy50 ea | |
| 101 | 0 | @achi |
| 102 | @aCN@b110000 | |
| 105 | @ay z 000yy | |
| 106 | @ar | |
| 200 | 1 | @a土力学复习与习题@9tu li xue fu xi yu xi ti@dSoil mechanics summary and exercises@f钱建固,袁聚云,张陈蓉编著@zeng |
| 210 | @a北京@c人民交通出版社@d2016.12 | |
| 215 | @a252页@d26cm | |
| 300 | @a“十二五”普通高等教育本科国家级规划教材 高等学校土木工程专业规划教材 | |
| 330 | @a本书对土的物理性质及工程分类、黏性土的物理化学性质、土中水的运动规律、土中应力计算、土的压缩性与地基沉降计算、土的抗剪强度、土压力计算、土坡稳定分析和地基承载力等土力学知识点进行系统地归纳和提炼,便于读者复习。为巩固和提高读者所学的知识要点,配备大量的选择题、判断题以及计算题等土力学习题,同时对习题作了较详细的解答以供读者参考。 | |
| 510 | 1 | @aSoil mechanics summary and exercises@zeng |
| 606 | 0 | @a土力学@x高等学校@j教学参考资料 |
| 690 | @aTU43@v5 | |
| 701 | 0 | @a钱建固@9qian jian gu@4编著 |
| 701 | 0 | @a袁聚云@9yuan ju yun@4编著 |
| 701 | 0 | @a张陈蓉@9zhang chen rong@4编著 |
| 801 | 0 | @aCN@b91MARC@c20171021 |
| 905 | @b1022505-9@dTU43@f5@e1026 | |
| 土力学复习与习题=Soil mechanics summary and exercises/钱建固,袁聚云,张陈蓉编著.-北京:人民交通出版社,2016.12 |
| 252页;26cm |
| “十二五”普通高等教育本科国家级规划教材 高等学校土木工程专业规划教材 |
| ISBN 978-7-114-13566-8:CNY35.00 |
| 本书对土的物理性质及工程分类、黏性土的物理化学性质、土中水的运动规律、土中应力计算、土的压缩性与地基沉降计算、土的抗剪强度、土压力计算、土坡稳定分析和地基承载力等土力学知识点进行系统地归纳和提炼,便于读者复习。为巩固和提高读者所学的知识要点,配备大量的选择题、判断题以及计算题等土力学习题,同时对习题作了较详细的解答以供读者参考。 |
| ● |
| 相关链接 |
|
|
|
|
正题名:土力学复习与习题
索取号:TU43/1026
 
预约/预借
| 序号 | 登录号 | 条形码 | 馆藏地/架位号 | 状态 | 备注 |
| 1 | 1022505 | 210225059 | 第二样本阅览室/ [索取号:TU43/1026] | 在馆 | |
| 2 | 1022506 | 210225068 | 密集书库-生命科学系/ [索取号:TU43/1026] | 在馆 | |
| 3 | 1022507 | 210225077 | 第三借阅区/ [索取号:TU43/1026] | 在馆 | |
| 4 | 1022508 | 210225086 | 第三借阅区/ [索取号:TU43/1026] | 在馆 | |
| 5 | 1022509 | 210225095 | 第三借阅区/ [索取号:TU43/1026] | 在馆 |